Colors of NYC Subway Lines - Statistics

General Stats
  • This quiz has been taken 1,297 times
  • The average score is 19 of 24
Answer Stats
Subway Line Color % Correct
1 Red
99%
4 Green
92%
2 Red
92%
3 Red
92%
5 Green
91%
6 Green
91%
A Blue
90%
7 Purple
88%
C Blue
87%
E Blue
85%
B Orange
85%
D Orange
84%
F Orange
84%
Q Yellow
78%
R Yellow
78%
N Yellow
77%
G Green
75%
L Grey
73%
J Brown
72%
W Yellow
72%
M Orange
71%
S Grey
68%
Z Brown
61%
Staten Island Rail Blue
57%
No matching quizzes found
Score Distribution
Percent of People with Each Score
Percentile by Number Answered
Your Score History
You have not taken this quiz